000 00397 a2200109 4500
001 ART_18299
005 20260410161919.0
008 260409a
245 1 0 _aNuevas reflexiones sobre la relación entre el reintegro del impuesto a las ventas y los gravámenes a las rentas
100 1 _aJudkovski, José
773 0 _tLa información
_g- Tomo XXX, Nº 535 (jul. 1974)
_wREV14902
999 _c27523
_d27523